书目信息 |
| 题名: |
德国文化史
|
|
| 作者: | 李伯杰 , 姜丽 著 | |
| 分册: | ||
| 出版信息: | 合肥 安徽文艺出版社 2019 |
|
| 页数: | 508页 | |
| 开本: | 26cm | |
| 丛书名: | 国别文化史系列 | |
| 单 册: | ||
| 中图分类: | K516.03 | |
| 科图分类: | ||
| 主题词: | 文化史--德国 | |
| 电子资源: | ||
| ISBN: | 978-7-5396-5712-7 | |
| 000 | 01108nam0 2200265 45 | |
| 001 | 012001009093 | |
| 005 | 20140101100758.0 | |
| 010 | @a978-7-5396-5712-7@dCNY88.00 | |
| 100 | @a20180614d2018 em y0chiy0110 ea | |
| 101 | 0 | @achi |
| 102 | @aCN@b340000 | |
| 105 | @ay z 000yy | |
| 106 | @ar | |
| 200 | 1 | @a德国文化史@9de guo wen hua shi@f李伯杰, 姜丽著 |
| 210 | @a合肥@c安徽文艺出版社@d2019 | |
| 215 | @a508页@d26cm | |
| 225 | 2 | @a国别文化史系列 |
| 330 | @a本书稿共分十六章,讲述了德国的文化史。书稿首先论述了德国文化产生的根源,然后按时间顺序,分别介绍了中世纪的德国文化、德国近代文化、巴洛克时代的德国文化、启蒙运动时期的德国文化、魏玛古典文学时期的文化等,全面展示了德国文化的历史发展、演变过程和各个时期的独有特点。对德国文化的代表人物、建筑、文学艺术作品等均有所论述,既有背景分析,又有具象展现,有助于读者从宏观及微观两方面了解德国文化的发展脉络。 | |
| 410 | 0 | @12001 @a国别文化史系列 |
| 606 | 0 | @a文化史@y德国 |
| 690 | @aK516.03@v5 | |
| 701 | 0 | @a李伯杰@9li bo jie@4著 |
| 701 | 0 | @a姜丽@9jiang li@4著 |
| 801 | 2 | @aCN@b上海新华@c20191020 |
| 905 | @b1186986-7,7168-7169@dK516.03@e52@f4 | |
| 德国文化史/李伯杰, 姜丽著.-合肥:安徽文艺出版社,2019 |
| 508页;26cm.-(国别文化史系列) |
| ISBN 978-7-5396-5712-7:CNY88.00 |
| 本书稿共分十六章,讲述了德国的文化史。书稿首先论述了德国文化产生的根源,然后按时间顺序,分别介绍了中世纪的德国文化、德国近代文化、巴洛克时代的德国文化、启蒙运动时期的德国文化、魏玛古典文学时期的文化等,全面展示了德国文化的历史发展、演变过程和各个时期的独有特点。对德国文化的代表人物、建筑、文学艺术作品等均有所论述,既有背景分析,又有具象展现,有助于读者从宏观及微观两方面了解德国文化的发展脉络。 |
| ● |
| 相关链接 |
|
|
|
|
正题名:德国文化史
索取号:K516.03/52
 
预约/预借
| 序号 | 登录号 | 条形码 | 馆藏地/架位号 | 状态 | 备注 |
| 1 | 1186986 | 211869860 | 第二样本阅览室/ [索取号:K516.03/52] | 在馆 | |
| 2 | 1186987 | 211869879 | 第二借阅区/ [索取号:K516.03/52] | 在馆 | |
| 3 | 1187168 | 211871688 | 第二借阅区/ [索取号:K516.03/52] | 在馆 | |
| 4 | 1187169 | 211871697 | 第二借阅区/ [索取号:K516.03/52] | 在馆 |